000 00612nam a2200217Ia 4500
003 GCL
008 140319s9999 xx 000 0 ara d
040 _aGCL /
_cGCL
082 0 4 _a330.9
_bب ا
100 1 _aاحمد فؤاد بلبع
245 1 0 _aالاقتصاد السياسى والتنمية /
_cاحمد فؤاد بلبع
700 1 _aحامد ربيع
700 1 _aباران، ا. بول
300 _a442 ص
490 _aالالف كتاب
_v0
650 0 4 _aالاقتصاد
650 0 4 _aالسياسة
650 0 4 _aالتنمية
650 0 4 _aالراسمالية
942 _2ddc
_cBK
999 _c45368
_d45368